Определение концентрации солей в бинарных системах методом измерения температурного коэффициента проводимости; Неразрушающий контроль: электронное приборостроение, технологии, безопасность; Т. 2

Xehetasun bibliografikoak
Parent link:Неразрушающий контроль: электронное приборостроение, технологии, безопасность: сборник трудов V Всероссийской научно-практической конференции студентов, аспирантов и молодых учёных, Томск, 25-29 мая 2015 г./ Национальный исследовательский Томский политехнический университет (ТПУ).— , 2015
Т. 2.— 2015.— [С. 243-246]
Egile nagusia: Крайнюков А. А.
Erakunde egilea: Национальный исследовательский Томский политехнический университет (ТПУ) Институт неразрушающего контроля (ИНК) Кафедра экологии и безопасности жизнедеятельности (ЭБЖ)
Beste egile batzuk: Кагиров А. Г. Артур Геннадьевич (научный руководитель)
Gaia:Заглавие с титульного экрана
Hizkuntza:errusiera
Argitaratua: 2015
Saila:Экология и техносферная безопасность
Gaiak:
Sarrera elektronikoa:http://earchive.tpu.ru/handle/11683/23612
http://www.lib.tpu.ru/fulltext/c/2015/C36/V2/070.pdf
Formatua: MixedMaterials Baliabide elektronikoa Liburu kapitulua
KOHA link:https://koha.lib.tpu.ru/cgi-bin/koha/opac-detail.pl?biblionumber=614351

MARC

LEADER 00000naa2a2200000 4500
001 614351
005 20231101132813.0
035 |a (RuTPU)RU\TPU\conf\12521 
090 |a 614351 
100 |a 20150922d2015 k y0rusy50 ca 
101 0 |a rus 
102 |a RU 
105 |a y z 101zy 
135 |a drgn ---uucaa 
181 0 |a i  
182 0 |a b 
200 1 |a Определение концентрации солей в бинарных системах методом измерения температурного коэффициента проводимости  |f А. А. Крайнюков, А. Г. Кагиров  |g науч. рук. А. Г. Кагиров 
203 |a Текст  |c электронный 
225 1 |a Экология и техносферная безопасность 
230 |a 1 компьютерный файл (pdf; 479 Kb) 
300 |a Заглавие с титульного экрана 
320 |a [Библиогр.: с. 245-246 (5 назв.)] 
337 |a Adobe Reader 
461 1 |0 (RuTPU)RU\TPU\conf\12353  |t Неразрушающий контроль: электронное приборостроение, технологии, безопасность  |o сборник трудов V Всероссийской научно-практической конференции студентов, аспирантов и молодых учёных, Томск, 25-29 мая 2015 г.  |o в 2 т.  |f Национальный исследовательский Томский политехнический университет (ТПУ)  |d 2015 
463 1 |0 (RuTPU)RU\TPU\conf\12355  |t Т. 2  |v [С. 243-246]  |d 2015 
610 1 |a труды учёных ТПУ 
610 1 |a электронный ресурс 
610 1 |a концентрация 
610 1 |a соли 
610 1 |a бинарные системы 
610 1 |a проводимость 
610 1 |a электрическая проводимость 
610 1 |a кондуктометрический анализ 
700 1 |a Крайнюков  |b А. А. 
701 1 |a Кагиров  |b А. Г.  |c специалист в области экологии и безопасности жизнедеятельности  |c старший преподаватель Томского политехнического университета, инженер  |f 1987-  |g Артур Геннадьевич  |2 stltpush  |3 (RuTPU)RU\TPU\pers\29222 
702 1 |a Кагиров  |b А. Г.  |c специалист в области экологии и безопасности жизнедеятельности  |c старший преподаватель Томского политехнического университета, инженер  |f 1987-  |g Артур Геннадьевич  |2 stltpush  |4 727 
712 0 2 |a Национальный исследовательский Томский политехнический университет (ТПУ)  |b Институт неразрушающего контроля (ИНК)  |b Кафедра экологии и безопасности жизнедеятельности (ЭБЖ)  |h 4850  |2 stltpush  |3 (RuTPU)RU\TPU\col\18720 
801 2 |a RU  |b 63413507  |c 20210209  |g RCR 
856 4 |u http://earchive.tpu.ru/handle/11683/23612 
856 4 |u http://www.lib.tpu.ru/fulltext/c/2015/C36/V2/070.pdf 
942 |c BK